000 00674nam a2200217Ia 4500
005 20221020145121.0
008 131103s9999 xx 000 0 und d
040 _aLoreto College
041 _aEnglish
082 _a155.2
_bSAN
245 _aResearch in developmental, personality, and social psychology
_cedited by Filmore H. Sanford and E. John Capaldi
260 _aNew Delhi
_bPrentice-Hall of India
_c1967
300 _ax,190p
504 _aIncludes bibliographical references
630 _aSocial Psychology
650 _aDevelopmental Psychology
651 _aIndividual Psychology
700 _aSanford, Filmore H., ed.
850 _aLCLIB
942 _cBK
999 _c18519
_d68998